Perestroika y reforma judicial
Shranjeno v:
| Glavni avtor: | |
|---|---|
| Format: | Texto |
| Izdano: |
Moscú:
Agencia de Presa Nóvosti
|
| Oznake: |
Označite
Brez oznak, prvi označite!
|
MARC
| LEADER | 00000 a a2200000 04500 | ||
|---|---|---|---|
| 001 | 22467 | ||
| 003 | |||
| 040 | |||
| 090 | |a 153500 | ||
| 100 | |a Terebilov, Vladimir | ||
| 245 | |a Perestroika y reforma judicial | ||
| 260 | |a Moscú: |b Agencia de Presa Nóvosti | ||
| 300 | |a 31 p. |b **no definido** |b il. | ||
| 999 | |c 15894 |d 15894 | ||
